000 00814nam a2200229 a 4500
001 000010915
005 20240412074221.0
008 091013s2005 dr 000 p spa d
020 _a9945408038
040 _aDO-SdBNP
_bspa
_cBNPHU
082 _aRD861.44
_bT853a
100 1 _aTroncoso de Hernández, Stella
_926328
245 1 0 _aAtrevimientos literarios /
_cStella Troncoso de Hernández ; prólogo Ernesto J. Armenteros ; presentación José Ramón Hernández L.
260 _aSanto Domingo :
_bArgos,
_c2005.
300 _a127 p. ;
_c22 cm.
590 _aInventariado, 2019/VM
650 0 _aPoesía dominicana
_966
650 0 _aLiteratura dominicana.
_967
700 1 2 _aHernández L., José Ramón
_926329
700 1 2 _aArmenteros, Ernesto J.,
_epról.
_926330
910 _aValidado. Control de calidad MFF
999 _c10653
_d10653